[Event "Oberliga Baden 2223"]
[Site "Germany"]
[Date "2023.02.26"]
[Round "7.6"]
[White "Muetsch, Annmarie"]
[Black "Friedel, Marcus"]
[Result "0-1"]
[WhiteElo "2238"]
[BlackElo "2179"]
[PlyCount "82"]
[EventDate "2022.09.18"]
[EventType "team-tourn"]
[EventRounds "9"]
[EventCountry "GER"]
[SourceTitle "EXT 2024"]
[Source "ChessBase"]
[SourceDate "2023.10.10"]
[SourceVersion "1"]
[SourceVersionDate "2023.10.10"]
[SourceQuality "1"]
[WhiteTeam "Viernheim II"]
[BlackTeam "Ettlingen"]
[WhiteTeamCountry "GER"]
[BlackTeamCountry "GER"]

1. d4 Nf6 2. Bg5 d5 3. Bxf6 exf6 4. e3 Bd6 5. g3 Nd7 6. Bg2 c6 7. Ne2 f5 8. b3 Nf6 9. Nd2 Ne4 10. 0-0 h5 11. f3 Nxd2 12. Qxd2 h4 13. f4 Be6 14. Rac1 Ba3 15. Rb1 a5 16. Kf2 Qe7 17. Qd3 g6 18. c4 Kf8 19. Nc3 Rd8 20. c5 Bb4 21. Na4 Re8 22. Rb2 g5 23. Ra1 Bc8 24. a3 hxg3+ 25. hxg3 gxf4 26. gxf4 Qh4+ 27. Kf1 Qg3 28. Re2 Rh4 29. axb4 Rxf4+ 30. Kg1 Rh4 31. Nb2 f4 32. e4 Qh2+ 33. Kf1 f3 34. Bxf3 Bh3+ 35. Ke1 Qg1+ 36. Kd2 Qxa1 37. Kc2 Bf1 38. e5 Bxe2 39. Bxe2 Rh2 40. Qd2 axb4 41. Nd3 Qxd4 0-1

[Event "Oberliga Baden 2122"]
[Site "Germany"]
[Date "2021.10.10"]
[Round "1.6"]
[White "Becker, Matthias1111"]
[Black "Friedel, Marcus"]
[Result "1/2-1/2"]
[WhiteElo "2309"]
[BlackElo "2131"]
[PlyCount "127"]
[EventDate "2021.10.10"]
[EventType "team-tourn"]
[EventRounds "11"]
[EventCountry "GER"]
[SourceTitle "EXT 2023"]
[Source "ChessBase"]
[SourceDate "2022.10.05"]
[SourceVersion "1"]
[SourceVersionDate "2022.10.05"]
[SourceQuality "1"]
[WhiteTeam "Buchen"]
[BlackTeam "Ettlingen"]
[WhiteTeamCountry "GER"]
[BlackTeamCountry "GER"]

1. Nf3 d5 2. b3 Nf6 3. Bb2 c6 4. e3 Bg4 5. h3 Bh5 6. g4 Bg6 7. Ne5 Nbd7 8. Nxg6 hxg6 9. d3 e6 10. Nd2 Bd6 11. g5 Ng8 12. Qg4 Bc5 13. d4 Bd6 14. 0-0-0 Ne7 15. h4 Qa5 16. Kb1 Bb4 17. Nf3 0-0-0 18. Bd3 Rh5 19. Ng1 Rdh8 20. Ne2 Nf5 21. Bxf5 gxf5 22. Qg3 g6 23. Rh3 Qc7 24. f4 Nb8 25. Rdh1 Na6 26. Qg2 Qe7 27. Ng3 R5h7 28. h5 gxh5 29. Nxh5 Nc7 30. Nf6 Rxh3 31. Rxh3 Rxh3 32. Qxh3 Ne8 33. Ng8 Qf8 34. Nh6 Kd8 35. Qh5 Ke7 36. c4 Qg7 37. cxd5 cxd5 38. Qe2 a6 39. Qc2 Kd7 40. Bc3 Bd6 41. Ba5 Qg6 42. Bb6 f6 43. Ng4 fxg5 44. fxg5 Qxg5 45. Ne5+ Bxe5 46. dxe5 Qh4 47. Qc3 Qh1+ 48. Kb2 Qg2+ 49. Ka3 Qe2 50. Qd4 Qb5 51. Kb2 Kc8 52. a4 Qc6 53. a5 Nc7 54. Qh4 Qe8 55. Qh7 Nb5 56. Kc1 Kb8 57. Kd2 Qc8 58. Ke2 Nc3+ 59. Kf3 Ne4 60. Kf4 Qc1 61. Qg8+ Qc8 62. Qh7 Qc1 63. Qg8+ Qc8 64. Qh7 1/2-1/2

[Event "GER-chT Online Liga 1 GpD"]
[Site "Playchess.com INT"]
[Date "2021.02.23"]
[Round "4.3"]
[White "Wintzer, Joachim"]
[Black "Friedel, Marcus"]
[Result "1-0"]
[WhiteElo "2274"]
[BlackElo "2124"]
[PlyCount "69"]
[EventDate "2021.01.18"]
[EventType "team-tourn (rapid)"]
[EventRounds "7"]
[EventCountry "GER"]
[SourceTitle "EXT 2022"]
[Source "ChessBase"]
[SourceDate "2021.10.06"]
[SourceVersion "1"]
[SourceVersionDate "2021.10.06"]
[SourceQuality "1"]
[WhiteTeam "Berlin SF"]
[BlackTeam "Ettlingen"]
[WhiteTeamCountry "GER"]
[BlackTeamCountry "GER"]

1. d4 d6 2. Nf3 Nf6 3. c4 Nbd7 4. Nc3 e5 5. e4 Be7 6. Be2 0-0 7. 0-0 c6 8. Qc2 a6 9. Rd1 Qc7 10. h3 Re8 11. Be3 b6 12. Rab1 Bb7 13. b4 Rac8 14. Rdc1 Bf8 15. d5 cxd5 16. cxd5 b5 17. a4 bxa4 18. Qxa4 Ra8 19. Nd2 Reb8 20. Nc4 Be7 21. Na5 Nb6 22. Qa2 Qd8 23. Nxb7 Rxb7 24. Bxa6 Rba7 25. b5 Rd7 26. Na4 Nxa4 27. Qxa4 Qb8 28. Rc6 Rc7 29. b6 Rd7 30. Rbc1 Rd8 31. R1c4 Nd7 32. b7 Ra7 33. Bxa7 Qxa7 34. Rc8 Nb6 35. Rxd8+ 1-0

[Event "Oberliga Baden 1718"]
[Site "Baden"]
[Date "2017.10.08"]
[Round "1.7"]
[White "Friedel, Marcus"]
[Black "Hauke, Christian"]
[Result "1-0"]
[WhiteElo "2193"]
[BlackElo "2182"]
[PlyCount "55"]
[EventDate "2017.10.08"]
[EventType "team-tourn"]
[EventRounds "9"]
[EventCountry "GER"]
[SourceTitle "EXT 2019"]
[Source "ChessBase"]
[SourceDate "2018.10.10"]
[SourceVersion "1"]
[SourceVersionDate "2018.10.10"]
[SourceQuality "1"]
[WhiteTeam "Ettlingen"]
[BlackTeam "Bad Mergentheim"]
[WhiteTeamCountry "GER"]
[BlackTeamCountry "GER"]

1. c4 e5 2. g3 Nc6 3. Bg2 g6 4. Nc3 Bg7 5. Rb1 a5 6. a3 d6 7. b4 axb4 8. axb4 Bf5 9. d3 Qd7 10. b5 Nd8 11. Bb2 Ne7 12. Ra1 Rxa1 13. Qxa1 0-0 14. Qa5 e4 15. dxe4 Be6 16. Qb4 c6 17. Nf3 cxb5 18. cxb5 d5 19. exd5 Nxd5 20. Nxd5 Qxd5 21. Bxg7 Kxg7 22. 0-0 f6 23. Nd4 Qd7 24. Rc1 b6 25. Bc6 Qf7 26. Qd6 Bc4 27. Bf3 Re8 28. Qxb6 1-0

[Event "Arber op 6th"]
[Site "Bodenmais"]
[Date "2017.08.05"]
[Round "8"]
[White "Kolb, Wolfgang"]
[Black "Friedel, Marcus"]
[Result "1/2-1/2"]
[WhiteElo "2063"]
[BlackElo "2188"]
[PlyCount "127"]
[EventDate "2017.07.29"]
[EventType "swiss"]
[EventRounds "9"]
[EventCountry "GER"]
[SourceTitle "EXT 2018"]
[Source "ChessBase"]
[SourceDate "2017.10.13"]
[SourceVersion "1"]
[SourceVersionDate "2017.10.13"]
[SourceQuality "1"]

1. c4 d6 2. g3 e5 3. Bg2 f5 4. Nc3 Nf6 5. d3 Be7 6. Nf3 0-0 7. 0-0 c6 8. Rb1 Na6 9. b4 Nc7 10. b5 Qe8 11. bxc6 bxc6 12. c5 d5 13. Nxe5 Bxc5 14. d4 Bd6 15. Nd3 Ne6 16. Nf4 Nxf4 17. Bxf4 Bxf4 18. gxf4 Ne4 19. Qd3 Ba6 20. Qxa6 Nxc3 21. Rb2 Qc8 22. Qxc8 Rfxc8 23. Rc1 Nb5 24. Rxc6 Nxd4 25. Bxd5+ Kf8 26. Rxc8+ Rxc8 27. e3 Rd8 28. Bc4 Rc8 29. Ba6 Rc6 30. Bb7 Rc1+ 31. Kg2 Ne6 32. Bd5 Nc5 33. Rd2 Rc3 34. Rd4 Ke7 35. Rc4 Rxc4 36. Bxc4 h6 37. f3 g5 38. fxg5 hxg5 39. Kg3 Kf6 40. h4 gxh4+ 41. Kxh4 Nd7 42. Bb5 Nc5 43. Kg3 Ke5 44. Kf2 f4 45. Ke2 Ne6 46. Bc6 Kd6 47. Be4 Ke5 48. Ba8 Nc5 49. Kd2 Ne6 50. a4 Nc5 51. Bc6 Kd6 52. Be8 Ke7 53. Bb5 a6 54. Bxa6 fxe3+ 55. Kxe3 Nxa4 56. Kd4 Nb6 57. Ke5 Nd7+ 58. Kf5 Nc5 59. Bc4 Nd7 60. f4 Nf6 61. Kg6 Ne4 62. f5 Nf6 63. Bb5 Ne4 64. Bc6 1/2-1/2

[Event "Arber op 6th"]
[Site "Bodenmais"]
[Date "2017.08.04"]
[Round "7"]
[White "Friedel, Marcus"]
[Black "Hopman, Pieter"]
[Result "0-1"]
[WhiteElo "2188"]
[BlackElo "2331"]
[PlyCount "104"]
[EventDate "2017.07.29"]
[EventType "swiss"]
[EventRounds "9"]
[EventCountry "GER"]
[SourceTitle "CBM 179 Extra"]
[Source "ChessBase"]
[SourceDate "2017.08.23"]
[SourceVersion "1"]
[SourceVersionDate "2017.08.23"]
[SourceQuality "1"]

1. c4 e5 2. g3 Nf6 3. Bg2 g6 4. Nc3 Bg7 5. Rb1 0-0 6. d3 c6 7. e4 Na6 8. Nf3 d5 9. cxd5 cxd5 10. 0-0 d4 11. Ne2 Ne8 12. b4 f6 13. b5 Nac7 14. a4 Be6 15. Nd2 Nd6 16. Ba3 Nce8 17. Nc1 b6 18. Ncb3 Rf7 19. Rc1 Rc7 20. Rxc7 Qxc7 21. Qb1 a6 22. Rc1 Qd7 23. Nxd4 exd4 24. e5 Nb7 25. Bc6 Qf7 26. bxa6 Rxa6 27. Qb5 Nc7 28. Qb2 Nd8 29. exf6 Bxf6 30. Ne4 Nxc6 31. Rxc6 Nd5 32. Qb5 Ra5 33. Qc4 Kg7 34. Bb2 Nf4 35. Qc2 Nh3+ 36. Kg2 Ra7 37. Rxb6 Rc7 38. Rc6 Rxc6 39. Qxc6 Bd5 40. Qc8 Ng5 41. f3 Be6 42. Qc6 Nxe4 43. Qxe4 Bd5 44. Qf4 Qa7 45. a5 g5 46. Qg4 h5 47. Qf5 Qxa5 48. Bxd4 Qa2+ 49. Bf2 g4 50. Qd7+ Kh6 51. Qd6 Bxf3+ 52. Kf1 Qe2+ 0-1

[Event "Arber op 6th"]
[Site "Bodenmais"]
[Date "2017.07.31"]
[Round "3"]
[White "Friedel, Marcus"]
[Black "Milov, Leonid"]
[Result "1/2-1/2"]
[WhiteElo "2188"]
[BlackElo "2444"]
[PlyCount "125"]
[EventDate "2017.07.29"]
[EventType "swiss"]
[EventRounds "9"]
[EventCountry "GER"]
[SourceTitle "CBM 179 Extra"]
[Source "ChessBase"]
[SourceDate "2017.08.23"]
[SourceVersion "1"]
[SourceVersionDate "2017.08.23"]
[SourceQuality "1"]

1. e4 c5 2. c3 d5 3. exd5 Qxd5 4. d4 Nf6 5. Nf3 Bg4 6. dxc5 Qxd1+ 7. Kxd1 Nc6 8. Be3 Nd5 9. h3 Bxf3+ 10. gxf3 e6 11. Bb5 Nxe3+ 12. fxe3 Bxc5 13. Ke2 Rc8 14. Nd2 Ke7 15. Ne4 Bb6 16. Rad1 a6 17. Ba4 Rc7 18. Rhg1 g6 19. Nd6 Ba7 20. Rd2 b5 21. Bc2 f5 22. Rgd1 Rd8 23. a4 b4 24. Nc4 Rxd2+ 25. Rxd2 bxc3 26. bxc3 Nb8 27. Bd3 Nd7 28. Rb2 Nc5 29. Bc2 Kf6 30. Nd2 Nd7 31. Bd3 Nb6 32. Bxa6 Rxc3 33. a5 Nd5 34. Rb3 Rxb3 35. Nxb3 Nxe3 36. Bc8 Ng2 37. a6 Nf4+ 38. Kf1 Nd3 39. Na5 Nb4 40. Bb7 Ke5 41. Nc6+ Nxc6 42. Bxc6 Kf4 43. Kg2 e5 44. Bd5 g5 45. Bc6 Bb6 46. Bd5 h6 47. Bc6 Ke3 48. Bd5 Ba7 49. Bc6 Bb8 50. Bd5 e4 51. fxe4 fxe4 52. Bf7 Kd2 53. Kf1 Ke3 54. Kg2 Ke2 55. Bh5+ Ke1 56. h4 Kd2 57. hxg5 hxg5 58. Kh3 e3 59. Bf3 Ke1 60. Kg4 Kf2 61. Bd1 e2 62. Bxe2 Kxe2 63. Kxg5 1/2-1/2

[Event "Arber op 6th"]
[Site "Bodenmais"]
[Date "2017.07.30"]
[Round "2"]
[White "Hrdina, Karl"]
[Black "Friedel, Marcus"]
[Result "0-1"]
[WhiteElo "1858"]
[BlackElo "2188"]
[PlyCount "118"]
[EventDate "2017.07.29"]
[EventType "swiss"]
[EventRounds "9"]
[EventCountry "GER"]
[SourceTitle "CBM 179 Extra"]
[Source "ChessBase"]
[SourceDate "2017.08.23"]
[SourceVersion "1"]
[SourceVersionDate "2017.08.23"]
[SourceQuality "1"]

1. d4 d6 2. Nf3 Bg4 3. Nbd2 Nf6 4. c3 e6 5. Qc2 Be7 6. e4 Nbd7 7. Bd3 c5 8. dxc5 Nxc5 9. Bb5+ Nfd7 10. 0-0 0-0 11. Re1 Qc7 12. Nd4 a6 13. Bf1 e5 14. N4b3 b5 15. Nxc5 Nxc5 16. Nb3 Ne6 17. f3 Bh5 18. Qf2 Rfb8 19. Be3 a5 20. Rac1 a4 21. Na1 f6 22. Nc2 Bf7 23. Nb4 Nc5 24. Red1 Bd8 25. Nd5 Qc6 26. Rd2 Na6 27. Rcd1 Qb7 28. g4 Ba5 29. a3 Kf8 30. Qh4 Bg6 31. Bg2 Nc5 32. Bxc5 dxc5 33. Ne3 Rd8 34. Qe1 Rxd2 35. Rxd2 Rd8 36. Qd1 Rxd2 37. Qxd2 Qc6 38. Bf1 c4 39. Nd5 Bf7 40. Nb4 Bb6+ 41. Kh1 Qc5 42. Qg2 Qe3 43. Nc6 h5 44. h3 hxg4 45. hxg4 Qh6+ 46. Qh3 Be3 47. g5 Bxg5 48. Nd8 Bc1 49. Qxh6 gxh6 50. Bh3 Be8 51. Bc8 Ke7 52. Ne6 Bd7 53. Bxd7 Kxd7 54. Nc5+ Kc6 55. Na6 Bxb2 56. Nb4+ Kc5 57. Nd5 Bxa3 58. Nxf6 Bb2 59. Nd5 a3 0-1

[Event "Heraklion op 20th"]
[Site "Heraklion"]
[Date "2017.04.19"]
[Round "4"]
[White "Friedel, Marcus"]
[Black "Bras, Emanouel"]
[Result "1/2-1/2"]
[WhiteElo "2182"]
[BlackElo "1898"]
[PlyCount "75"]
[EventDate "2017.04.17"]
[EventType "swiss"]
[EventRounds "9"]
[EventCountry "GRE"]
[SourceTitle "CBM 177 Extra"]
[Source "ChessBase"]
[SourceDate "2017.04.27"]
[SourceVersion "1"]
[SourceVersionDate "2017.04.27"]
[SourceQuality "1"]

1. c4 e5 2. g3 Nf6 3. Bg2 d5 4. cxd5 Nxd5 5. Nc3 Nb6 6. Nf3 Nc6 7. 0-0 Be7 8. Rb1 0-0 9. b4 Bf5 10. b5 Nb4 11. d3 N4d5 12. Nxd5 Nxd5 13. Bb2 e4 14. Nd4 Bg6 15. dxe4 Nf6 16. e5 Bxb1 17. exf6 Bxf6 18. Qxb1 Bxd4 19. Rd1 Qe8 20. Bxd4 Qxe2 21. Bxb7 Rab8 22. Bc6 a6 23. a4 axb5 24. axb5 Rfd8 25. Re1 Qd2 26. Be5 Qa5 27. Qa1 Qb6 28. Bxg7 Rd2 29. Qf6 Rd6 30. Qg5 Rg6 31. Qe5 Re6 32. Qg5 Rg6 33. Qf4 Kxg7 34. Re7 Rf6 35. Qg5+ Rg6 36. Qe5+ Rf6 37. Qg5+ Rg6 38. Qe5+ 1/2-1/2

[Event "Verbandsliga Nordbaden 1516"]
[Site "Baden"]
[Date "2015.09.27"]
[Round "1.1"]
[White "Friedel, Marcus"]
[Black "Spiegel, Stefan"]
[Result "1-0"]
[WhiteElo "2123"]
[BlackElo "2137"]
[PlyCount "81"]
[EventDate "2015.09.27"]
[EventType "team-tourn"]
[EventRounds "9"]
[EventCountry "GER"]
[SourceTitle "EXT 2022"]
[Source "ChessBase"]
[SourceDate "2021.10.06"]
[SourceVersion "1"]
[SourceVersionDate "2021.10.06"]
[SourceQuality "1"]
[WhiteTeam "Ettlingen II"]
[BlackTeam "Viernheim II"]
[WhiteTeamCountry "GER"]
[BlackTeamCountry "GER"]

1. e4 Nf6 2. e5 Nd5 3. d4 Nb6 4. c4 d6 5. exd6 cxd6 6. Nc3 g6 7. Be3 Bg7 8. Rc1 0-0 9. b3 e5 10. dxe5 dxe5 11. Qxd8 Rxd8 12. c5 N6d7 13. Bc4 Nc6 14. Nf3 Na5 15. Be2 b6 16. cxb6 Nxb6 17. 0-0 Bb7 18. Rfd1 Nc6 19. Nb5 Nd5 20. Rxd5 Rxd5 21. Nc7 Rdd8 22. Nxa8 Bxa8 23. h4 h6 24. Bb5 Nd4 25. Nxd4 exd4 26. Bd2 Bd5 27. Rc7 Ra8 28. Kf1 h5 29. g3 Bf6 30. Bc6 Bxc6 31. Rxc6 Be5 32. Ke2 Re8 33. Kd3 Re7 34. Bb4 Rd7 35. Rc4 f5 36. f4 Bf6 37. Bc5 Kf7 38. Ra4 Ke6 39. Rxa7 Rxa7 40. Bxa7 Kd5 41. a4 1-0

[Event "Kiel op 28th"]
[Site "Kiel"]
[Date "2015.07.25"]
[Round "1"]
[White "Friedel, Marcus"]
[Black "Schumacher, Horst"]
[Result "1-0"]
[WhiteElo "2121"]
[BlackElo "1815"]
[PlyCount "69"]
[EventDate "2015.07.25"]
[EventType "swiss"]
[EventRounds "9"]
[EventCountry "GER"]
[SourceTitle "CBM 167 Extra"]
[Source "ChessBase"]
[SourceDate "2015.09.14"]
[SourceVersion "1"]
[SourceVersionDate "2015.09.14"]
[SourceQuality "1"]

1. e4 d5 2. exd5 Nf6 3. d4 Bg4 4. Nf3 Qxd5 5. Be2 e6 6. c4 Bb4+ 7. Nc3 Qa5 8. Bd2 c6 9. h3 Qh5 10. Qb3 Bxf3 11. Qxb4 Bxe2 12. Nxe2 Nbd7 13. Qxb7 0-0 14. Qxc6 Rfc8 15. Qf3 Qxf3 16. gxf3 Rxc4 17. Rc1 Rac8 18. Kd1 Rxc1+ 19. Bxc1 e5 20. Be3 Nd5 21. Rg1 Nxe3+ 22. fxe3 exd4 23. Nxd4 Rc5 24. Kd2 Ne5 25. Rc1 Rxc1 26. Kxc1 a6 27. Kc2 Kf8 28. Kc3 Ke7 29. f4 Nd7 30. Kc4 Nb6+ 31. Kb4 Nd5+ 32. Ka5 Nxe3 33. Kxa6 Nd5 34. Ne2 Nb4+ 35. Kb5 1-0

[Event "Oberliga Baden 1415"]
[Site "Baden"]
[Date "2015.02.22"]
[Round "7.8"]
[White "Friedel, Marcus"]
[Black "Erismann, Peter"]
[Result "1-0"]
[WhiteElo "2145"]
[BlackElo "2125"]
[PlyCount "69"]
[EventDate "2014.09.21"]
[EventType "team-tourn"]
[EventRounds "9"]
[EventCountry "GER"]
[SourceTitle "EXT 2016"]
[Source "ChessBase"]
[SourceDate "2015.10.08"]
[SourceVersion "1"]
[SourceVersionDate "2015.10.08"]
[SourceQuality "1"]
[WhiteTeam "Ettlingen"]
[BlackTeam "Brombach"]
[WhiteTeamCountry "GER"]
[BlackTeamCountry "GER"]

1. e4 c5 2. c3 d5 3. exd5 Qxd5 4. d4 Nc6 5. Nf3 Nf6 6. dxc5 Qxc5 7. Na3 Qa5 8. Bf4 Nh5 9. Be3 Bg4 10. Qb3 Bxf3 11. gxf3 Qc7 12. Nb5 Qb8 13. Bc4 e6 14. Bxe6 fxe6 15. Qxe6+ Be7 16. 0-0-0 Kf8 17. Rd7 Qe8 18. Nc7 Qf7 19. Qxf7+ Kxf7 20. Nxa8 Rxa8 21. Rxb7 a5 22. Rc7 Ne5 23. Rd1 Ke6 24. f4 Ng6 25. f5+ Kxf5 26. Rd5+ Kg4 27. h3+ Kh4 28. Rc4+ Nhf4 29. Bxf4 Kxh3 30. Bg5 Bxg5+ 31. Rxg5 a4 32. Rcg4 Rf8 33. Rg3+ Kh4 34. R3g4+ Kh3 35. Rg2 1-0

[Event "Dresden ZMD op 23rd"]
[Site "Dresden"]
[Date "2014.08.20"]
[Round "6"]
[White "Friedel, Marcus"]
[Black "Riegler, Dieter"]
[Result "1/2-1/2"]
[WhiteElo "2148"]
[BlackElo "2085"]
[PlyCount "38"]
[EventDate "2014.08.15"]
[EventType "swiss"]
[EventRounds "9"]
[EventCountry "GER"]
[SourceTitle "CBM 161 Extra"]
[Source "ChessBase"]
[SourceDate "2014.08.29"]
[SourceVersion "1"]
[SourceVersionDate "2014.08.29"]
[SourceQuality "1"]

1. e4 c5 2. c3 Nf6 3. e5 Nd5 4. d4 cxd4 5. Nf3 e6 6. cxd4 d6 7. Bc4 Nc6 8. 0-0 Be7 9. a3 0-0 10. Re1 Bd7 11. Qd3 Qb6 12. Bxd5 exd5 13. Nc3 Be6 14. exd6 Bxd6 15. Ng5 g6 16. Rxe6 fxe6 17. Qh3 Qc7 18. Nxe6 Rfe8 19. Be3 Qd7 1/2-1/2

[Event "Dresden ZMD op 23rd"]
[Site "Dresden"]
[Date "2014.08.18"]
[Round "4"]
[White "Naegele, Hans Juergen"]
[Black "Friedel, Marcus"]
[Result "0-1"]
[WhiteElo "1901"]
[BlackElo "2148"]
[PlyCount "60"]
[EventDate "2014.08.15"]
[EventType "swiss"]
[EventRounds "9"]
[EventCountry "GER"]
[SourceTitle "CBM 161 Extra"]
[Source "ChessBase"]
[SourceDate "2014.08.29"]
[SourceVersion "1"]
[SourceVersionDate "2014.08.29"]
[SourceQuality "1"]

1. g3 d5 2. Bg2 Nf6 3. d3 c6 4. f4 g6 5. h3 Bg7 6. e3 e5 7. Ne2 Nbd7 8. Nd2 Qb6 9. e4 exf4 10. gxf4 dxe4 11. Nc4 Qb4+ 12. c3 Qc5 13. Be3 Qd5 14. Qb3 Nc5 15. Bxc5 Qxc5 16. dxe4 0-0 17. e5 Be6 18. exf6 Bxf6 19. 0-0-0 Bxc4 20. Qc2 Qe3+ 21. Rd2 Rad8 22. Nd4 Bxd4 23. cxd4 Rxd4 24. Qc3 Rd3 25. Qc2 Rfd8 26. Rhd1 Qxf4 27. b3 Rxd2 28. Rxd2 Rxd2 29. Qxd2 Qxd2+ 30. Kxd2 Bd5 0-1